Investigation of moisture and its effects on traditional buildings (Record no. 121550)
[ view plain ]
| 000 -LEADER | |
|---|---|
| fixed length control field | 02479nam a22002537a 4500 |
| 008 - FIXED-LENGTH DATA ELEMENTS--GENERAL INFORMATION | |
| fixed length control field | 230622s2022 xxk|||||o|||| 00| 0 eng d |
| 020 ## - INTERNATIONAL STANDARD BOOK NUMBER | |
| ISBN | 9781783214785 |
| 041 ## - LANGUAGE CODE | |
| Language code of text/sound track or separate title | eng |
| 110 ## - MAIN ENTRY--CORPORATE NAME | |
| Corporate author | Royal Institution of Chartered Surveyors |
| 245 ## - TITLE STATEMENT | |
| Title | Investigation of moisture and its effects on traditional buildings |
| Subtitle | Principles and competencies |
| Medium | [Electronic resource] |
| 260 ## - PUBLICATION INFORMATION | |
| Place of publication | London, |
| Publisher | Royal Institution of Chartered Surveyors, Historic England, Property Care Association, |
| Date | September 2022 |
| 300 ## - PHYSICAL DESCRIPTION | |
| Physical description | 16p. |
| 500 ## - GENERAL NOTE | |
| General note | This document has been written and produced by teams from the following organisations: RICS, Historic England and PCA.<br/>This document has also been adopted by the following organisations: Cadw, Historic Environment Scotland, Historic Environment Division – Northern Ireland, Institute of Historic Buildings (IHBC) and Society for the Protection of Ancient Buildings (SPAB). |
| 520 ## - ABSTRACT | |
| Abstract | A set of principles and competencies that should be used anytime there is a need for an assessment of moisture within a traditional building. This is most typically likely to be during a pre-purchase building survey, and investigation into a moisture related problem or when a contractor undertakes repairs and alterations to a building. In the context of a building survey on a traditional building or any historic building, it should be within the competence of the surveyor to be able to make a professional judgement on the building and not simply make a recommendation. This document establishes a position of best practice throughout all levels of surveys and inspection of traditional buildings. The surveyor should take a ‘whole building’ approach, look for the source of any excessive moisture, not rely on potentially misleading data and should then provide the client with advice to manage the situation. The document goes into detail in a step-by-step format of what the surveyor should do and ultimately to take responsibility for the advice given. |
| 650 ## - KEYWORDS | |
| Keywords | BUILDING SURVEYS |
| 650 ## - KEYWORDS | |
| Keywords | HISTORIC BUILDINGS |
| 650 ## - KEYWORDS | |
| Keywords | TRADITIONAL BUILDINGS |
| 650 ## - KEYWORDS | |
| Keywords | MOISTURE |
| 651 ## - SUBJECT ADDED ENTRY--GEOGRAPHIC NAME | |
| Geographic name | United Kingdom |
| 690 ## - BROAD SUBJECT | |
| 9 (RLIN) | 6225 |
| Broad subject | Building surveying |
| 710 ## - ADDED CORPORATE NAME | |
| Added corporate author | Royal Institution of Chartered Surveyors |
| 856 ## - ONLINE RESOURCE | |
| Uniform Resource Identifier | <a href="https://www.rics.org/profession-standards/rics-standards-and-guidance/sector-standards/building-surveying-standards/investigation-of-moisture-and-its-effect-on-traditional-building">https://www.rics.org/profession-standards/rics-standards-and-guidance/sector-standards/building-surveying-standards/investigation-of-moisture-and-its-effect-on-traditional-building</a> |
| Public note | Available free on RICS.org |
| 942 ## - ADDED ENTRY ELEMENTS (KOHA) | |
| Suppress in OPAC | Do not suppress in OPAC |
| Lost status | Damaged status | Not for loan | Current library | Shelving location | Date acquired | Total Checkouts | Full call number | Date last seen | Price effective from | Koha item type |
|---|---|---|---|---|---|---|---|---|---|---|
| Virtual | Online | 22/06/2023 | ONLINE PUBLICATION | 22/06/2023 | 22/06/2023 | Online material |